000 00879pam a2200265 a 4500
008
020 _a0333460502 (pbk.)
049 _aMAIN
090 _aREF HC79.I55
100 1 _aLongley, Dennis.
245 1 0 _aMacmillan dictionary of information technology /
_cDennis Longley, Michael Shain.
250 _a3rd ed.
260 _aLondon :
_bMacmillan,
_c1989.
300 _aviii, 566 p. :
_bill. ;
_c24 cm.
500 _aPrevious ed.: published as Dictionary of information technology. 1985.
650 0 _aInformation storage and retrieval systems.
653 _aInformation systems
700 1 _aShain, Michael.
700 1 _aLongley, Dennis.
_tDictionary of information technology.
907 _a.b10075598
_b16-01-07
_c17-04-03
003
005 20230120191410.0
040 _cNUST
942 _cBOOKS
_kREF HC79.I55
999 _c100414
_d100414